| 000 | 00298 a2200097 4500 | ||
|---|---|---|---|
| 090 |
_c6436 _d6436 |
||
| 245 |
_aIC design flow with ICstudio (student workbook) [Manual] _cMentor Graphics Co. |
||
| 260 |
_aU S A : _bMentor Graphics Co., _c2008. |
||
| 300 |
_a382 p. : _bill. ; _c27 cm. |
||
| 942 |
_cBK _k006.6 MEN |
||
| 999 |
_c10267 _d10267 |
||